000 00736nam a22002057a 4500
999 _c10036
_d10036
003 AR-CdUCM
008 190329b ||||| |||| 00| 0 spa d
040 _aMUNICIPALIDAD PROVINCIAL DEL CUSCO
_cBIBLIOTECA MUNICIPAL DEL CUSCO
082 _a306.7 /
_bA74 / 1932
100 _aArmand, E.
_926646
245 _aSexualismo revolucionario /
260 _aValencia :
_bMañana,
_c1932.
300 _a110 páginas ;
_c18 cm.
505 _aContenido : Subversismos sexuales -- Respuesta a una encuestan sobre la revisión de la moral sexual -- Los celos -- La monandria -- la monogamia la pareja ...
650 _aSexosualismo
_926647
650 _aLos celos
_926648
650 _aLa pareja
_926649
942 _2ddc
_cLIBROS
945 _arah